00401 a2200145 4500003000400000005001700004008004100021020001500062040000900077082002100086100002900107245006400136260004500200300001000245OSt20230916112724.0230916b |||||||| |||| 00| 0 eng d a8172161913 coclc a613.70182bSIV/S aSivaramakrishnan, Murali aStatistics for physical education /cDr. S Sivaramakrishnan aNew Delhi:bFriends Publications,c2019. a137 p